Heaven and hell, (Record no. 2218)
[ view plain ]
| 000 -LEADER | |
|---|---|
| fixed length control field | 00566cam a2200241I 4500 |
| 001 - CONTROL NUMBER | |
| control field | 30818 |
| 003 - CONTROL NUMBER IDENTIFIER | |
| control field | GBCCL |
| 005 - DATE AND TIME OF LATEST TRANSACTION | |
| control field | 20241126110423.0 |
| 008 - FIXED-LENGTH DATA ELEMENTS--GENERAL INFORMATION | |
| fixed length control field | 740628s1956 xx 000 0 eng d |
| 020 ## - INTERNATIONAL STANDARD BOOK NUMBER | |
| International Standard Book Number | 1852401540 |
| 035 ## - SYSTEM CONTROL NUMBER | |
| System control number | (OCoLC)00931644 |
| 040 ## - CATALOGING SOURCE | |
| Original cataloging agency | BSC |
| Transcribing agency | BSC |
| 049 ## - | |
| -- | LBBK |
| 082 ## - DEWEY DECIMAL CLASSIFICATION NUMBER | |
| Classification number | 236.24 |
| Item number | BUC |
| 092 ## - LOCALLY ASSIGNED DEWEY CALL NUMBER (OCLC) | |
| Classification number | 237 |
| Item number | B716 |
| 100 1# - MAIN ENTRY--PERSONAL NAME | |
| Personal name | Buchanan, Alex |
| 9 (RLIN) | 4549 |
| 245 10 - TITLE STATEMENT | |
| Title | Heaven and hell, |
| 260 ## - PUBLICATION, DISTRIBUTION, ETC. | |
| Place of publication, distribution, etc. | England : |
| Name of publisher, distributor, etc. | Sovereign world |
| Date of publication, distribution, etc. | 1995 |
| 300 ## - PHYSICAL DESCRIPTION | |
| Extent | 253 p. |
| Dimensions | 20 cm. |
| 650 #0 - SUBJECT ADDED ENTRY--TOPICAL TERM | |
| Topical term or geographic name entry element | Heaven. |
| 9 (RLIN) | 2820 |
| 650 #0 - SUBJECT ADDED ENTRY--TOPICAL TERM | |
| Topical term or geographic name entry element | Hell. |
| 9 (RLIN) | 4550 |
| 942 ## - ADDED ENTRY ELEMENTS (KOHA) | |
| Source of classification or shelving scheme | Dewey Decimal Classification |
| Koha item type | Books |
| Koha issues (borrowed), all copies | 10 |
| Withdrawn status | Lost status | Source of classification or shelving scheme | Damaged status | Not for loan | Home library | Current Library | Shelving location | Date acquired | Total checkouts | Full call number | Barcode | Date last seen | Date last checked out | Copy number | Price effective from | Koha item type |
|---|---|---|---|---|---|---|---|---|---|---|---|---|---|---|---|---|
| Dewey Decimal Classification | GRACE BIBLE COLLEGE | GRACE BIBLE COLLEGE | Theology | 2017-07-17 | 5 | 236.24 BUC | 012026 | 2025-05-01 | 2024-08-06 | c.1 | 2017-07-17 | Books | ||||
| Dewey Decimal Classification | GRACE BIBLE COLLEGE | GRACE BIBLE COLLEGE | Theology | 2017-07-17 | 2 | 236.24 BUC | 012027 | 2026-03-02 | 2026-02-26 | c.2 | 2017-07-17 | Books | ||||
| Dewey Decimal Classification | GRACE BIBLE COLLEGE | GRACE BIBLE COLLEGE | Theology | 2017-07-17 | 5 | 236.24 BUC | 012028 | 2026-01-19 | 2026-01-14 | c.3 | 2017-07-17 | Books |